[Event "Oskarja Memorial 10th"]
[Site "Chess.com INT"]
[Date "2021.01.16"]
[Round "14"]
[White "Bedic, Zeljko"]
[Black "Dzudov, Janko"]
[Result "1-0"]
[WhiteElo "2000"]
[BlackElo "1494"]
[PlyCount "89"]
[EventDate "2021.01.16"]
[EventType "swiss (blitz)"]
[EventRounds "15"]
[EventCountry "SLO"]
[SourceTitle "CBM 200 Extra"]
[Source "ChessBase"]
[SourceDate "2021.03.31"]
[SourceVersion "1"]
[SourceVersionDate "2021.03.31"]
[SourceQuality "1"]

1. c4 h6 2. Nc3 e5 3. g3 Nf6 4. Bg2 Bb4 5. e3 Bxc3 6. bxc3 c6 7. c5 0-0 8. Ne2 b6 9. cxb6 axb6 10. d4 e4 11. c4 Ba6 12. Qc2 d5 13. cxd5 Bd3 14. Qd2 cxd5 15. 0-0 Nc6 16. Re1 Qd6 17. a4 b5 18. Nf4 Bc4 19. Ba3 b4 20. Bb2 Na5 21. Bf1 Rfc8 22. Rab1 g5 23. Ne2 Bd3 24. Ba1 Rab8 25. Rb2 Nc4 26. Qd1 Nxb2 27. Bxb2 Rc2 28. Ba1 Rbc8 29. Kg2 Ng4 30. h3 Nxf2 31. Kxf2 Qf6+ 32. Kg1 Qf3 33. a5 Qxe3+ 34. Kh1 Rd2 35. Qb3 Qf3+ 36. Kg1 Rxe2 37. Bxe2 Qxg3+ 38. Kh1 Qxe1+ 39. Kg2 Qxe2+ 40. Kg3 Qf3+ 41. Kh2 Qf2+ 42. Kh1 Rc3 43. Qd1 Be2 44. Bxc3 Qf3+ 45. Kg1 1-0

[Event "Oskarja Memorial 10th"]
[Site "Chess.com INT"]
[Date "2021.01.16"]
[Round "6"]
[White "Haidinger, Erik"]
[Black "Bedic, Zeljko"]
[Result "0-1"]
[WhiteElo "1772"]
[BlackElo "2000"]
[PlyCount "76"]
[EventDate "2021.01.16"]
[EventType "swiss (blitz)"]
[EventRounds "15"]
[EventCountry "SLO"]
[SourceTitle "CBM 200 Extra"]
[Source "ChessBase"]
[SourceDate "2021.03.31"]
[SourceVersion "1"]
[SourceVersionDate "2021.03.31"]
[SourceQuality "1"]

1. d4 e6 2. Bf4 d5 3. e3 Bd6 4. Bg3 Nf6 5. Nf3 0-0 6. Bxd6 Qxd6 7. Ne5 Nbd7 8. f4 Ne4 9. c3 f6 10. Nf3 e5 11. fxe5 fxe5 12. Bd3 Nef6 13. dxe5 Nxe5 14. 0-0 Bg4 15. Be2 Rae8 16. Na3 c6 17. Nxe5 Bxe2 18. Qxe2 Rxe5 19. Rad1 Qe6 20. Nc2 Re8 21. Rf4 Re4 22. Rxe4 Qxe4 23. Rf1 Qe5 24. h3 Nh5 25. Qd3 Ng3 26. Rf3 Ne4 27. Qd4 c5 28. Qa4 Nd2 29. Rf5 Qe6 30. Rxd5 Ne4 31. Qd7 Qg6 32. a4 Nf6 33. Qxb7 Nxd5 34. Qxd5+ Kh8 35. Ne1 h6 36. Qf3 Qb1 37. Kf2 Qc1 38. Kg3 Rxe3 0-1

[Event "Oskarja Memorial 10th"]
[Site "Chess.com INT"]
[Date "2021.01.16"]
[Round "15"]
[White "Mravunac, Damir"]
[Black "Bedic, Zeljko"]
[Result "0-1"]
[WhiteElo "2105"]
[BlackElo "2000"]
[PlyCount "70"]
[EventDate "2021.01.16"]
[EventType "swiss (blitz)"]
[EventRounds "15"]
[EventCountry "SLO"]
[SourceTitle "CBM 200 Extra"]
[Source "ChessBase"]
[SourceDate "2021.03.31"]
[SourceVersion "1"]
[SourceVersionDate "2021.03.31"]
[SourceQuality "1"]

1. Nf3 e6 2. b3 d5 3. Bb2 Nf6 4. g3 g6 5. Bg2 Bg7 6. c4 0-0 7. 0-0 c6 8. d3 b6 9. Nbd2 Bb7 10. Qc2 Nbd7 11. e4 Nc5 12. e5 Nfd7 13. d4 Na6 14. Ba3 c5 15. h4 Re8 16. cxd5 Bxd5 17. Nc4 Bf8 18. Nd6 Bxd6 19. exd6 Nf6 20. dxc5 Nxc5 21. Qc3 Nfe4 22. Qe5 Qxd6 23. Qb2 Qc6 24. Nd4 Qb7 25. Rfd1 Rad8 26. h5 Ng5 27. Bxd5 Rxd5 28. f4 Nge4 29. h6 e5 30. Nf3 f6 31. b4 Nd3 32. Qb3 Qf7 33. b5 Nxg3 34. Rxd3 Rxd3 35. Qxd3 exf4 0-1

[Event "Oskarja Memorial 10th"]
[Site "Chess.com INT"]
[Date "2021.01.16"]
[Round "1"]
[White "Zagorac, Marko"]
[Black "Bedic, Zeljko"]
[Result "0-1"]
[WhiteElo "1357"]
[BlackElo "2000"]
[PlyCount "86"]
[EventDate "2021.01.16"]
[EventType "swiss (blitz)"]
[EventRounds "15"]
[EventCountry "SLO"]
[SourceTitle "CBM 200 Extra"]
[Source "ChessBase"]
[SourceDate "2021.03.31"]
[SourceVersion "1"]
[SourceVersionDate "2021.03.31"]
[SourceQuality "1"]

1. e4 e6 2. Nf3 d5 3. e5 c5 4. d4 Nc6 5. Be3 Qb6 6. b3 Nh6 7. Bd3 Ng4 8. c3 Nxe3 9. fxe3 cxd4 10. cxd4 Bb4+ 11. Nbd2 Bd7 12. 0-0 h6 13. Nh4 Nxd4 14. exd4 Qxd4+ 15. Kh1 Qxd3 16. Ndf3 Qxd1 17. Raxd1 0-0 18. Nd4 Rac8 19. a4 Rc3 20. Nb5 Bxb5 21. axb5 a5 22. bxa6 bxa6 23. Ra1 a5 24. Rab1 Rfc8 25. Rf3 Rc1+ 26. Rf1 Rxf1+ 27. Rxf1 Rc3 28. Rb1 Re3 29. Nf3 g5 30. h3 Kg7 31. Kh2 Kg6 32. Kg3 h5 33. h4 g4 34. Kf4 Re4+ 35. Kg3 gxf3 36. gxf3 Rxe5 37. f4 Re3+ 38. Kf2 Rc3 39. Kg2 Kf5 40. Kh2 f6 41. Kg2 Kg4 42. Re1 Rc2+ 43. Kh1 Bxe1 0-1

[Event "Topusko Amateur op 6th"]
[Site "Topusko"]
[Date "2017.08.19"]
[Round "9"]
[White "Bedic, Zeljko"]
[Black "Levacic, Patrick"]
[Result "1/2-1/2"]
[WhiteElo "2209"]
[BlackElo "2285"]
[PlyCount "119"]
[EventDate "2017.08.12"]
[EventType "swiss"]
[EventRounds "9"]
[EventCountry "CRO"]
[SourceTitle "CBM 180 Extra"]
[Source "ChessBase"]
[SourceDate "2017.10.06"]
[SourceVersion "1"]
[SourceVersionDate "2017.10.06"]
[SourceQuality "1"]

1. c4 e5 2. Nc3 Nc6 3. g3 Bc5 4. Bg2 d6 5. e3 Nge7 6. Nge2 a6 7. 0-0 0-0 8. h3 Ba7 9. d4 Bf5 10. a3 Qd7 11. Kh2 f6 12. b4 Rad8 13. Bb2 Bg6 14. Rc1 Bf7 15. d5 Nb8 16. Qd2 Qe8 17. Ne4 Nd7 18. Rfd1 f5 19. Ng5 Nf6 20. Qc2 h6 21. Nxf7 Qxf7 22. Ng1 Qh5 23. Bf3 Qg6 24. Ne2 Ne4 25. Bxe4 fxe4 26. Nc3 Rf3 27. Nxe4 Rdf8 28. Rd2 Nf5 29. c5 h5 30. Rg1 Nh6 31. Rg2 Nf5 32. Re2 Ne7 33. Qc4 Kh8 34. Nd2 R3f5 35. f4 Qh6 36. e4 R5f7 37. fxe5 h4 38. Qc3 dxe5 39. Qe3 Qf6 40. Ref2 Qxf2 41. Rxf2 Rxf2+ 42. Kg1 hxg3 43. Bxe5 Kh7 44. Bxg3 R2f6 45. e5 Nf5 46. Qd3 Rg6 47. Ne4 b6 48. Kh2 bxc5 49. bxc5 Bxc5 50. Be1 Bg1+ 51. Kh1 Bb6 52. Bb4 Re8 53. e6 Kg8 54. Bc3 Rg1+ 55. Kh2 Nh4 56. Bb4 Rg2+ 57. Kh1 Rg1+ 58. Kh2 Rg2+ 59. Kh1 Rg1+ 60. Kh2 1/2-1/2

[Event "Topusko Amateur op 6th"]
[Site "Topusko"]
[Date "2017.08.15"]
[Round "5"]
[White "Bedic, Zeljko"]
[Black "Levar, Nenad"]
[Result "1/2-1/2"]
[WhiteElo "2209"]
[BlackElo "2015"]
[PlyCount "93"]
[EventDate "2017.08.12"]
[EventType "swiss"]
[EventRounds "9"]
[EventCountry "CRO"]
[SourceTitle "CBM 180 Extra"]
[Source "ChessBase"]
[SourceDate "2017.10.06"]
[SourceVersion "1"]
[SourceVersionDate "2017.10.06"]
[SourceQuality "1"]

1. c4 Nf6 2. Nc3 g6 3. g3 Bg7 4. Bg2 0-0 5. d4 d6 6. Nf3 c6 7. 0-0 Qa5 8. e4 Qh5 9. Ng5 Qxd1 10. Rxd1 a5 11. e5 dxe5 12. dxe5 Ng4 13. f4 f6 14. exf6 exf6 15. Nf3 Be6 16. h3 Nh6 17. b3 Na6 18. Ba3 Rfe8 19. Na4 Rad8 20. Rxd8 Rxd8 21. Re1 Bf7 22. Bb2 Re8 23. Rxe8+ Bxe8 24. Bd4 Nf5 25. Bf2 Nb4 26. g4 Nd6 27. a3 Nc2 28. Bb6 Bf8 29. Bxa5 Nxa3 30. Bc3 Ne4 31. Bb2 b5 32. cxb5 cxb5 33. Nc3 Nxc3 34. Bxc3 Kf7 35. Nd2 Bc5+ 36. Kf1 Nc2 37. Bd5+ Ke7 38. Ke2 Nd4+ 39. Kd3 Ne6 40. Bxe6 Kxe6 41. Bxf6 Bd6 42. Bg5 Bc6 43. h4 Bg2 44. Ne4 Bf3 45. f5+ Kd5 46. Nc3+ Kc6 47. fxg6 1/2-1/2

[Event "CRO-chT2 Center"]
[Site "Croatia"]
[Date "2015.04.12"]
[Round "4.35"]
[White "Bedic, Zeljko"]
[Black "Pavic, Filip"]
[Result "1-0"]
[WhiteElo "2209"]
[BlackElo "2194"]
[PlyCount "73"]
[EventDate "2015.03.22"]
[EventType "team-tourn"]
[EventRounds "11"]
[EventCountry "CRO"]
[SourceTitle "EXT 2016"]
[Source "ChessBase"]
[SourceDate "2015.10.08"]
[SourceVersion "1"]
[SourceVersionDate "2015.10.08"]
[SourceQuality "1"]

1. c4 c5 2. Nc3 Nc6 3. g3 g6 4. Bg2 Bg7 5. e3 e6 6. Nge2 Nge7 7. 0-0 0-0 8. d4 cxd4 9. Nxd4 Nxd4 10. exd4 d5 11. cxd5 Nxd5 12. Nxd5 exd5 13. Be3 Be6 14. Qd2 Qd7 15. Rfc1 Rfc8 16. Qa5 b6 17. Qa6 Rab8 18. Bf1 Rxc1 19. Rxc1 Rb7 20. Bb5 Qe7 21. Bf4 Bh3 22. Bf1 Bf5 23. Bd6 Qd7 24. Bb5 Qxd6 25. Qxb7 Bxd4 26. b3 Qf6 27. Qb8+ Kg7 28. Qf4 g5 29. Qd2 Be4 30. Rc6 Qe5 31. Bf1 Bc5 32. Bg2 Qa1+ 33. Bf1 Qe5 34. b4 d4 35. Rc8 Bb7 36. Rd8 Bxb4 37. Qxb4 1-0

[Event "CRO-chT2 Center"]
[Site "Croatia"]
[Date "2015.03.22"]
[Round "1.3"]
[White "Hladnic, Emanuel"]
[Black "Bedic, Zeljko"]
[Result "0-1"]
[WhiteElo "2048"]
[BlackElo "2199"]
[PlyCount "120"]
[EventDate "2015.03.22"]
[EventType "team-tourn"]
[EventRounds "11"]
[EventCountry "CRO"]
[SourceTitle "EXT 2016"]
[Source "ChessBase"]
[SourceDate "2015.10.08"]
[SourceVersion "1"]
[SourceVersionDate "2015.10.08"]
[SourceQuality "1"]

1. c4 e6 2. Nf3 d5 3. g3 Nf6 4. Bg2 g6 5. 0-0 Bg7 6. d3 0-0 7. e3 Nbd7 8. Nc3 c6 9. Re1 Nb6 10. Qe2 Qe7 11. Bd2 e5 12. cxd5 Nfxd5 13. Red1 Rd8 14. e4 Nc7 15. Bg5 f6 16. Be3 Ne6 17. d4 exd4 18. Nxd4 Nxd4 19. Bxd4 Be6 20. Bxb6 axb6 21. Rxd8+ Rxd8 22. Rd1 b5 23. b3 Rd7 24. Rxd7 Qxd7 25. Bf1 Qd4 26. Qd3 f5 27. Qxd4 Bxd4 28. Ne2 Bc5 29. Nf4 Bd7 30. Bd3 fxe4 31. Bxe4 Kf7 32. Kg2 Kf6 33. Nd3 Bd6 34. f4 b6 35. Nf2 c5 36. Bd3 Ke6 37. Kf3 Kd5 38. Ke3 c4 39. Be4+ Kc5 40. Bb7 Kb4 41. Ne4 Bc5+ 42. Kd2 Bf5 43. Bd5 Bd4 44. bxc4 bxc4 45. Kc2 b5 46. Bc6 Ka3 47. g4 Bxe4+ 48. Bxe4 Kxa2 49. Bd5 Ka3 50. f5 gxf5 51. gxf5 Kb4 52. Bg8 h6 53. h3 Kc5 54. Be6 b4 55. f6 Bxf6 56. Bf7 Kd4 57. Be6 b3+ 58. Kb2 Kd3+ 59. Kb1 Kc3 60. Bf7 Kb4 0-1

[Event "CRO-chT2 Center 23rd"]
[Site "Grubisno Polje"]
[Date "2014.09.07"]
[Round "7.5"]
[White "Bedic, Zeljko"]
[Black "Kovacic, Damir"]
[Result "1-0"]
[WhiteElo "2171"]
[BlackElo "2030"]
[PlyCount "53"]
[EventDate "2014.03.02"]
[EventType "team-match"]
[EventRounds "11"]
[EventCountry "CRO"]
[SourceTitle "EXT 2016"]
[Source "ChessBase"]
[SourceDate "2015.10.08"]
[SourceVersion "1"]
[SourceVersionDate "2015.10.08"]
[SourceQuality "1"]

1. c4 e5 2. Nc3 Nc6 3. g3 g6 4. Bg2 Bg7 5. e3 Nge7 6. Nge2 Nf5 7. 0-0 0-0 8. b3 Re8 9. Bb2 Nce7 10. d4 c6 11. dxe5 Bxe5 12. Qd2 Qa5 13. Rfd1 Rd8 14. a3 d6 15. b4 Qc7 16. Ne4 Be6 17. Rac1 d5 18. Nf6+ Bxf6 19. Bxf6 dxc4 20. Qb2 Rd3 21. Nf4 Rb3 22. Qa1 Kf8 23. Be5 Qb6 24. e4 Nxg3 25. Nxe6+ fxe6 26. hxg3 Kg8 27. Rd7 1-0

[Event "CRO-chT2 Center 23rd"]
[Site "Grubisno Polje"]
[Date "2014.04.06"]
[Round "6.2"]
[White "Furjan, Antun"]
[Black "Bedic, Zeljko"]
[Result "0-1"]
[WhiteElo "1985"]
[BlackElo "2171"]
[PlyCount "147"]
[EventDate "2014.03.02"]
[EventType "team-match"]
[EventRounds "11"]
[EventCountry "CRO"]
[SourceTitle "EXT 2016"]
[Source "ChessBase"]
[SourceDate "2015.10.08"]
[SourceVersion "1"]
[SourceVersionDate "2015.10.08"]
[SourceQuality "1"]

1. d4 e6 2. c4 d5 3. Nc3 Nf6 4. Bg5 Nbd7 5. e3 c6 6. a3 Qa5 7. Qd2 Bb4 8. f3 dxc4 9. Bxf6 Nxf6 10. Bxc4 Nd5 11. Nge2 Be7 12. 0-0 Nxc3 13. Nxc3 0-0 14. Qf2 b5 15. Bd3 Qb6 16. Rac1 Bb7 17. Ne4 Rad8 18. Nc5 Bc8 19. f4 f5 20. Bb1 Bxc5 21. Rxc5 Rd5 22. Rfc1 Rxc5 23. Rxc5 Rd8 24. Qc2 Rd6 25. b4 Kf8 26. Qc3 Bd7 27. Ba2 Qd8 28. Re5 Ke7 29. Qc2 g6 30. g4 fxg4 31. Rg5 Qf8 32. Qc5 Qh6 33. Rxg4 Qh3 34. Rg3 Qf5 35. Qc1 Be8 36. Kf2 Qh5 37. h3 Qf5 38. Bb1 Qd5 39. Bd3 Qb3 40. Be2 Qa2 41. e4 Kf7 42. Qc5 Rd7 43. f5 exf5 44. exf5 g5 45. Rxg5 Qd2 46. Rg4 Rd5 47. Qxa7+ Bd7 48. Rg3 Qf4+ 49. Rf3 Qh2+ 50. Ke3 Qg1+ 51. Ke4 Qb1+ 52. Bd3 Qe1+ 53. Kf4 Qh4+ 54. Ke3 Qe1+ 55. Be2 Qg1+ 56. Ke4 Qb1+ 57. Rd3 Qh1+ 58. Rf3 Qb1+ 59. Ke3 Qg1+ 60. Rf2 Qc1+ 61. Kf3 Qg5 62. Bd3 Qh5+ 63. Kg2 Qg5+ 64. Kf3 Qh5+ 65. Ke3 Qxh3+ 66. Kd2 Qh6+ 67. Kc2 Qe3 68. Re2 Qxd4 69. Qxd4 Rxd4 70. Rh2 Kf6 71. Rxh7 Rxd3 72. Rh6+ Kg5 73. Rh8 Rxa3 74. Kb2 0-1

[Event "CRO-chT2 Center 23rd"]
[Site "Grubisno Polje"]
[Date "2014.03.02"]
[Round "2.2"]
[White "Bedic, Zeljko"]
[Black "Sukunda, Darko"]
[Result "1-0"]
[WhiteElo "2171"]
[BlackElo "2112"]
[PlyCount "93"]
[EventDate "2014.03.02"]
[EventType "team-match"]
[EventRounds "11"]
[EventCountry "CRO"]
[SourceTitle "EXT 2016"]
[Source "ChessBase"]
[SourceDate "2015.10.08"]
[SourceVersion "1"]
[SourceVersionDate "2015.10.08"]
[SourceQuality "1"]

1. c4 Nf6 2. Nc3 d5 3. cxd5 Nxd5 4. g3 g6 5. Bg2 Nxc3 6. bxc3 Bg7 7. Nf3 0-0 8. 0-0 c6 9. Qc2 e5 10. d3 Nd7 11. Nd2 Re8 12. Ne4 Nf6 13. Bg5 Bf5 14. Rab1 Bxe4 15. Bxe4 Qc7 16. Bg2 Rac8 17. Rb3 b6 18. a4 c5 19. c4 h6 20. Bd2 Rcd8 21. a5 Rd6 22. Rfb1 Nd7 23. axb6 axb6 24. Ra3 Qd8 25. Bc3 Qe7 26. Ra7 Qe6 27. Bd5 Qh3 28. Bg2 Qe6 29. Bd5 Qh3 30. Qc1 h5 31. Qf1 Qxf1+ 32. Kxf1 Kf8 33. Rc7 Bf6 34. Bc6 Bd8 35. Bxd7 Re7 36. Rc8 Rexd7 37. Bxe5 Re6 38. Bf4 Kg7 39. Ra1 g5 40. Bc1 Be7 41. Raa8 b5 42. Rg8+ Kf6 43. Bb2+ Kf5 44. e4+ Kg4 45. Kg2 h4 46. h3+ Kh5 47. g4+ 1-0

[Event "CRO-chT2 Center 22nd"]
[Site "Sisak"]
[Date "2013.04.28"]
[Round "5.2"]
[White "Bedic, Zeljko"]
[Black "Matko, Ognjen"]
[Result "0-1"]
[WhiteElo "2180"]
[BlackElo "2253"]
[PlyCount "150"]
[EventDate "2013.04.14"]
[EventType "team-tourn"]
[EventRounds "11"]
[EventCountry "CRO"]
[SourceTitle "EXT 2016"]
[Source "ChessBase"]
[SourceDate "2015.10.08"]
[SourceVersion "1"]
[SourceVersionDate "2015.10.08"]
[SourceQuality "1"]

1. c4 Nf6 2. Nc3 c5 3. g3 Nc6 4. Bg2 g6 5. e3 Bg7 6. Nge2 0-0 7. 0-0 d6 8. d4 cxd4 9. exd4 Bf5 10. b3 Qd7 11. a3 Bh3 12. Be3 Bxg2 13. Kxg2 d5 14. c5 Rfd8 15. f3 e5 16. Qd2 Qf5 17. dxe5 d4 18. Nxd4 Qxe5 19. Nce2 Nd5 20. Bf2 Nc7 21. Rad1 Qxc5 22. Qc2 Qxc2 23. Nxc2 f5 24. g4 fxg4 25. fxg4 Nd5 26. Bh4 Rd7 27. Kg1 Re8 28. Nf4 Nb6 29. Rxd7 Nxd7 30. Bg3 Nde5 31. h3 Rd8 32. Ne6 Rd3 33. Kg2 Rxb3 34. Nxg7 Kxg7 35. Nd4 Rxg3+ 36. Kxg3 Nxd4 37. Kf4 Nec6 38. Ke4 b5 39. Kd5 a5 40. g5 b4 41. axb4 axb4 42. Kc4 b3 43. h4 Nf3 44. Rd1 Ncd4 45. Kc3 h5 46. Ra1 Nf5 47. Ra7+ Kf8 48. Ra8+ Kf7 49. Ra7+ Ne7 50. Ra4 Ke6 51. Re4+ Kd6 52. Kb2 Nf5 53. Rf4 N5xh4 54. Kxb3 Ke5 55. Ra4 Kf5 56. Ra5+ Kg4 57. Kc3 Nxg5 58. Kd3 Nf5 59. Ke2 h4 60. Kf2 Ne4+ 61. Kg2 g5 62. Ra4 Kf4 63. Kg1 g4 64. Kh2 Ne3 65. Ra8 Nf5 66. Kg2 g3 67. Rg8 Nf2 68. Rh8 h3+ 69. Kg1 Kf3 70. Rh5 Kg4 71. Rh8 Nh4 72. Rg8+ Kf4 73. Rf8+ Ke3 74. Re8+ Ne4 75. Re5 Kd4 0-1

[Event "CRO-chT2 Center 22nd"]
[Site "Sisak"]
[Date "2013.04.28"]
[Round "6.6"]
[White "Matijevic, Hrvoje"]
[Black "Bedic, Zeljko"]
[Result "1/2-1/2"]
[WhiteElo "2225"]
[BlackElo "2180"]
[PlyCount "62"]
[EventDate "2013.04.14"]
[EventType "team-tourn"]
[EventRounds "11"]
[EventCountry "CRO"]
[SourceTitle "EXT 2016"]
[Source "ChessBase"]
[SourceDate "2015.10.08"]
[SourceVersion "1"]
[SourceVersionDate "2015.10.08"]
[SourceQuality "1"]

1. d4 e6 2. c4 d5 3. cxd5 exd5 4. Nc3 c6 5. Qc2 Bd6 6. Nf3 Bg4 7. Bg5 f6 8. Bh4 Ne7 9. e3 Qa5 10. Bd3 Kf7 11. 0-0-0 Na6 12. a3 b5 13. Bg3 Bxg3 14. hxg3 b4 15. Qa4 Qxa4 16. Nxa4 Nc7 17. axb4 Rab8 18. Kc2 Rxb4 19. Ra1 Ne6 20. Nd2 Bf5 21. Bxf5 Nxf5 22. Nc3 Rb7 23. Ra6 Ne7 24. Rha1 Rhb8 25. R1a2 Ra8 26. Nb3 Nc7 27. R6a5 Ne6 28. Na4 Nc8 29. Nac5 Rb6 30. Nd7 Rb7 31. Ndc5 Rb6 1/2-1/2

[Event "CRO-chT2 Center"]
[Site "Zagreb"]
[Date "2012.10.21"]
[Round "9.14"]
[White "Bartakovic, Tomislav"]
[Black "Bedic, Zeljko"]
[Result "1/2-1/2"]
[WhiteElo "2120"]
[BlackElo "2174"]
[PlyCount "46"]
[EventDate "2012.03.18"]
[EventType "team-swiss"]
[EventRounds "11"]
[EventCountry "CRO"]
[SourceTitle "EXT 2019"]
[Source "ChessBase"]
[SourceDate "2018.10.10"]
[SourceVersion "1"]
[SourceVersionDate "2018.10.10"]
[SourceQuality "1"]

1. e4 e6 2. d4 d5 3. e5 c5 4. c3 Qb6 5. Nf3 Nc6 6. a3 Nh6 7. b4 cxd4 8. Bxh6 gxh6 9. cxd4 Rg8 10. Nc3 Rg4 11. h3 Rf4 12. g3 Rxd4 13. Nxd4 Qxd4 14. Qxd4 Nxd4 15. 0-0-0 Nc6 16. Bg2 a5 17. Bxd5 axb4 18. Bxc6+ bxc6 19. Ne4 Be7 20. axb4 Bxb4 21. Nf6+ Ke7 22. Ng8+ Ke8 23. Nf6+ Ke7 1/2-1/2

[Event "CRO-chT2 Center"]
[Site "Croatia"]
[Date "2011.03.20"]
[Round "1.65"]
[White "Kostanjsek, Zorko"]
[Black "Bedic, Zeljko"]
[Result "0-1"]
[WhiteElo "2211"]
[BlackElo "2164"]
[PlyCount "94"]
[EventDate "2011.03.20"]
[EventType "team-tourn"]
[EventRounds "11"]
[EventCountry "CRO"]
[SourceTitle "EXT 2014"]
[Source "ChessBase"]
[SourceDate "2013.11.20"]
[SourceVersion "1"]
[SourceVersionDate "2013.11.20"]
[SourceQuality "1"]

1. Nf3 d5 2. c4 e6 3. g3 Nf6 4. Bg2 c6 5. 0-0 Nbd7 6. Qc2 Be7 7. d4 0-0 8. Nbd2 Re8 9. e4 dxe4 10. Nxe4 Nxe4 11. Qxe4 Nf6 12. Qc2 Qc7 13. Bf4 Bd6 14. Bxd6 Qxd6 15. Rad1 Nd7 16. Rfe1 Nf6 17. Ne5 Bd7 18. g4 Re7 19. Re3 Ne8 20. Rh3 g6 21. g5 f5 22. Qb3 Rb8 23. Rh6 c5 24. Qa3 b6 25. f4 Ng7 26. Bf3 Be8 27. d5 Rd8 28. Qb3 Kh8 29. Be2 exd5 30. Qh3 Rxe5 31. Rxh7+ Kg8 32. fxe5 Qxe5 33. Rh8+ Kf7 34. Qg2 d4 35. Bf3 Ne6 36. Qh3 Nxg5 37. Rf8+ Ke7 38. Rxe8+ Rxe8 39. Qg3 Qe3+ 40. Kg2 Nxf3 41. Rf1 Qe2+ 42. Rf2 Ne1+ 43. Kh1 Qe4+ 44. Kg1 Qg4 45. Re2+ Qxe2 46. Qc7+ Kf6 47. Qd6+ Kg7 0-1